000 00585cam a2200217ua 4500
001 11293
008 190906n ii |||gr||||Z||||||eng
020 _a9780199568734
040 _cMAIN
041 _aeng
082 _a333.7
100 _aNick Hanley,
_eAuthor.
245 _aInteroduction to environmental economics
_cBy Nick Hanley and outhers
250 _a2nd ed.
260 _aNew Delhi:
_bOxford university press,
_c2013.
300 _a300p.
653 _aEconomics ofland & energy
700 _aJason F Shogren,
_eAuthor.
700 _aBen White,
_eAuthor.
942 _cBK
999 _c10146
_d10146